000 01102nam a2200265Ia 4500
003 OSt
005 20200918165701.0
008 191128s1994 ck co gr 001 0 spa d
020 _a9789586162206
040 _aCO-JMCR
_cCO-JMCR
041 0 _aspa
_ager
_aita
082 0 4 _a914.3 /
_bR436c
100 1 _aRestrepo Piedrahita, Carlos,
_eautor
_9442
245 1 0 _aCuaderno de viaje :
_btras las huellas de Nietzsche y Maquiavelo /
_cCarlos Restrepo Piedrahita
250 _aSegunda edición
260 _aBogotá :
_bUniversidad Externado de Colombia,
_c1994
300 _a166 páginas :
_bfotografías y retratos a blanco y negro y a color ;
_c24 cm.
500 _aIncluye índice fotográfico y onomástico e Incluye notas a pie de página.
505 0 _aItinerario -- Redescubrimiento de la piedra Nietzsche -- En el monte de los olivos -- Selecta
546 _aTexto en español, alemán e italiano
600 1 _aNietzsche, Friedrich Wilhelm
_y1844-1900
_910542
651 4 _aAlemania
_xdescripciones y viajes
_910543
651 4 _aItalia
_xdescripciones y viajes
_910544
942 _2ddc
_cBK
999 _c4082
_d4082